Narysuj granice województw według dwóch pierwszych liter - Statystyki

Ogólne statystyki
  • Ten quiz został rozwiązany 50 razy
  • Średni wynik to 24 z 34
Odpowiedzi na mapie
Odpowiedzi zakodowano w zielono-czerwonej skali na mapie do tego quizu, zgodnie z poniższymi procentami.
 
Statystyki odpowiedzi
Granica % Poprawnych
mazowieckie -- podlaskie
87%
warmińsko-mazurskie -- podlaskie
87%
małopolskie -- podkarpackie
84%
warmińsko-mazurskie -- pomorskie
84%
mazowieckie -- lubelskie
77%
mazowieckie -- świętokrzyskie
77%
mazowieckie -- warmińsko-mazurskie
77%
podlaskie -- lubelskie
77%
świętokrzyskie -- małopolskie
77%
zachodniopomorskie -- pomorskie
77%
dolnośląskie -- opolskie
74%
dolnośląskie -- wielkopolskie
74%
lubelskie -- podkarpackie
74%
lubuskie -- zachodniopomorskie
74%
mazowieckie -- łódzkie
74%
śląskie -- opolskie
74%
zachodniopomorskie - wielkopolskie
74%
lubuskie -- wielkopolskie
71%
pomorskie -- kujawsko-pomorskie
71%
pomorskie -- wielkopolskie
71%
śląskie -- małopolskie
71%
dolnośląskie -- lubuskie
68%
kujawsko-pomorskie -- mazowieckie
65%
kujawsko-pomorskie -- warmińsko-mazurskie
65%
lubelskie -- świętokrzyskie
65%
opolskie -- wielkopolskie
65%
świętokrzyskie -- podkarpackie
65%
kujawsko-pomorskie -- wielkopolskie
61%
śląskie -- łódzkie
61%
śląskie -- świętokrzyskie
61%
wielkopolskie -- łódzkie
61%
opolskie -- łódzkie
58%
świętokrzyskie -- łódzkie
58%
kujawsko-pomorskie -- łódzkie
45%
Nie znaleziono quizów pasujących do podanych kryteriów
Rozkład punktacji
Procent ludzi z każdym wynikiem
Percentyl według liczby udzielonych odpowiedzi
Twoja historia wyników
Nie rozwiązałeś tego quizu